<?xml version="1.0" encoding="UTF-8"?>
<marc:record xmlns:marc="http://www.loc.gov/MARC21/slim">
   <marc:leader>00000nam a2200000 a 4500</marc:leader>
   <marc:datafield ind1="1" ind2=" " tag="100">
      <marc:subfield code="a">Bowling, Nicholas</marc:subfield>
      <marc:subfield code="4">aut</marc:subfield>
      <marc:subfield code="e">Verfasser/-in</marc:subfield>
   </marc:datafield>
   <marc:datafield ind1="0" ind2="0" tag="245">
      <marc:subfield code="a">Witchborn</marc:subfield>
   </marc:datafield>
   <marc:datafield ind1="0" ind2="0" tag="245">
      <marc:subfield code="b">Königin der Düsternis</marc:subfield>
   </marc:datafield>
   <marc:datafield ind1="0" ind2="0" tag="245">
      <marc:subfield code="c">Bowling, Nicholas</marc:subfield>
   </marc:datafield>
   <marc:datafield ind1=" " ind2="1" tag="264">
      <marc:subfield code="a">Reinbek</marc:subfield>
      <marc:subfield code="b">Carlsen</marc:subfield>
      <marc:subfield code="c">2018</marc:subfield>
   </marc:datafield>
   <marc:datafield ind1="1" ind2=" " tag="520">
      <marc:subfield code="a">Quelle: LHW.Lesen.Hören.Wissen (http://www.provinz.bz.it/kulturabteilung/bibliotheken/320.asp); &#xD;
Autor: Ruth Schmidhammer; &#xD;
Alyce muss mitansehen, wie ihre Mutter als Hexe verbrannt wird und flieht vor den Verfolgern. Nachdem sie einige Zeit in einer Irrenanstalt verbracht hat, gelingt ihr die Flucht und sie findet in Solomon einen treuen Freund, der ihr aus vielen gefährlichen Situationen hilft.&#xD;
Alyce spürt schon lange ihre magischen Fähigkeiten, weiß aber lange nicht, wie sie damit umgehen soll. Es wird immer klarer, dass sie eine bedeutende Hexe ist, denn die sich bekämpfenden Königinnen Elisabeth I und Maria Stuart wollen beide das Mädchen auf ihre Seite bringen. Viele dunkle Mächte drohen das Mädchen zu vernichten, aber glücklicherweise kann Alyce dank Solomons Hilfe immer wieder fliehen.&#xD;
Spannendes, schauriges Lesefutter für Mädchen ab 11 J.</marc:subfield>
   </marc:datafield>
   <marc:datafield ind1=" " ind2=" " tag="020">
      <marc:subfield code="a">9783551521057</marc:subfield>
      <marc:subfield code="9">9783551521057</marc:subfield>
   </marc:datafield>
   <marc:datafield ind1=" " ind2=" " tag="020">
      <marc:subfield code="a">3551521050</marc:subfield>
      <marc:subfield code="9">3551521050</marc:subfield>
   </marc:datafield>
   <marc:datafield ind1=" " ind2=" " tag="041">
      <marc:subfield code="a">ger</marc:subfield>
   </marc:datafield>
   <marc:datafield ind1="1" ind2=" " tag="521">
      <marc:subfield code="a">FSK ab 12 freigegeben</marc:subfield>
   </marc:datafield>
   <marc:datafield ind1="1" ind2=" " tag="521">
      <marc:subfield code="a">12</marc:subfield>
   </marc:datafield>
   <marc:datafield ind1=" " ind2=" " tag="338">
      <marc:subfield code="a">Band</marc:subfield>
   </marc:datafield>
   <marc:datafield ind1=" " ind2=" " tag="300">
      <marc:subfield code="a">384 S.</marc:subfield>
   </marc:datafield>
</marc:record>
